<?xml version="1.0" encoding="UTF-8"?>
<record
    xmlns:xsi="http://www.w3.org/2001/XMLSchema-instance"
    xsi:schemaLocation="http://www.loc.gov/MARC21/slim http://www.loc.gov/standards/marcxml/schema/MARC21slim.xsd"
    xmlns="http://www.loc.gov/MARC21/slim">

  <leader>00632nam a2200145Ia 4500</leader>
  <controlfield tag="008">100122s9999    xx            000 0 und d</controlfield>
  <datafield tag="082" ind1=" " ind2=" ">
    <subfield code="b">8221</subfield>
    <subfield code="a">820.9</subfield>
  </datafield>
  <datafield tag="100" ind1=" " ind2=" ">
    <subfield code="a">&#x930;&#x93E;&#x91C;&#x935;&#x93E;&#x921;&#x947; &#x905;</subfield>
  </datafield>
  <datafield tag="245" ind1=" " ind2=" ">
    <subfield code="a">&#x937;&#x91F;&#x926;&#x930;&#x94D;&#x936;&#x928; &#x938;&#x92E;&#x928;&#x94D;&#x935;&#x92F; &#x906;&#x923;&#x93F; &#x92A;&#x941;&#x930;&#x941;&#x937;&#x93E;&#x930;&#x94D;&#x925; &#x92E;&#x93F;&#x92E;&#x93E;&#x902;&#x938;&#x93E;</subfield>
  </datafield>
  <datafield tag="260" ind1=" " ind2=" ">
    <subfield code="b">&#x92A;&#x94D;&#x930;&#x915;&#x93E;&#x936;&#x915; &#x936;&#x94B;&#x927;&#x923;&#x947;</subfield>
    <subfield code="c">1941</subfield>
  </datafield>
  <datafield tag="300" ind1=" " ind2=" ">
    <subfield code="a">200</subfield>
  </datafield>
  <datafield tag="630" ind1=" " ind2=" ">
    <subfield code="a">&#x937;&#x91F;&#x926;&#x930;&#x94D;&#x936;&#x928; &#x938;&#x92E;&#x928;&#x94D;&#x935;&#x92F; &#x906;&#x923;&#x93F; &#x92A;&#x941;&#x930;&#x941;&#x937;&#x93E;&#x930;&#x94D;&#x925; &#x92E;&#x93F;&#x92E;&#x93E;&#x902;&#x938;&#x93E;</subfield>
  </datafield>
  <datafield tag="730" ind1=" " ind2=" ">
    <subfield code="a">&#x937;&#x91F;&#x926;&#x930;&#x94D;&#x936;&#x928; &#x938;&#x92E;&#x928;&#x94D;&#x935;&#x92F; &#x906;&#x923;&#x93F; &#x92A;&#x941;&#x930;&#x941;&#x937;&#x93E;&#x930;&#x94D;&#x925; &#x92E;&#x93F;&#x92E;&#x93E;&#x902;&#x938;&#x93E;</subfield>
  </datafield>
  <datafield tag="942" ind1=" " ind2=" ">
    <subfield code="c">BOOK</subfield>
  </datafield>
  <datafield tag="999" ind1=" " ind2=" ">
    <subfield code="c">400582</subfield>
    <subfield code="d">400579</subfield>
  </datafield>
  <datafield tag="952" ind1=" " ind2=" ">
    <subfield code="0">1</subfield>
    <subfield code="1">0</subfield>
    <subfield code="4">0</subfield>
    <subfield code="7">0</subfield>
    <subfield code="a">SVPPARLE</subfield>
    <subfield code="b">SVPPARLE</subfield>
    <subfield code="d">1957-12-12</subfield>
    <subfield code="g">19.00</subfield>
    <subfield code="l">0</subfield>
    <subfield code="o">8221</subfield>
    <subfield code="p">SVPPARLE-8221</subfield>
    <subfield code="r">2010-01-25 00:00:00</subfield>
    <subfield code="v">19.00</subfield>
    <subfield code="w">2010-01-25</subfield>
    <subfield code="y">BOOK</subfield>
    <subfield code="z">7)&#x930;&#x926;&#x94D;&#x926; General Cancelled</subfield>
  </datafield>
</record>
